Нормален изглед
MARC изглед
- Тонети, Стефано
Вход 01. Лично име
001 - Контролен номер на записа
- Контролно поле: 455281
003 - Код на организацията, даваща контролен номер
- Контролно поле: BLK
005 - Дата и час на последна промяна на записа
- Контролно поле: 20210526090225.0
008 - Данни с фиксирана дължина – обща информация
- Данни с фиксирана дължина : 210526|| aca||aabn | a|a d
100 ## - ИМЕ НА ЛИЦЕ -ПЪРВИЧНА ИНТЕЛЕКТУАЛНА ОТГОВОРНОСТ
- Лично име: Тонети, Стефано
942 ## - Системна служебна употреба
- Koha auth type: PERSO_NAME